Cliquez sur la bonne traduction en allemand - Le corps humain - Statistiques

Statistiques générales
  • Ce quiz a été pris 297 fois
  • Le résultat moyen est 14 sur 27
Statistiques - réponses
Hint Réponse % Correct
Nez Nase
95%
Pied Fuß
88%
Main Hand
87%
Cheveux Haare
85%
Coeur Herz
77%
Doigt Finger
76%
Tête Kopf
75%
Bras Arme
67%
Bouche Mund
65%
Oreilles Ohr
65%
Yeux Augen
55%
Poumons Lunge
55%
Dents Zahn
55%
Jambe Bein
46%
Poignet Handgelenk
44%
Nombril Nabel
40%
Dos Rücken
40%
Seins Brüste
39%
Ventre Bauch
37%
Cou Hals
36%
Cerveau Gehirn
35%
Poitrine Brust
32%
Foie Leber
28%
Reins Nieren
21%
Cuisse Oberschenkel
20%
Fesses Gesäß
19%
Joues Wangen
15%
Aucun quiz correspondant
Distribution des résultats
% des personnes avec chaque résultat
Percentile par nombre de réponses
Votre historique - résultats
Vous n’avez pas pris ce quiz